For Love of Country (Record no. 18041)
[ view plain ]
| 000 -LEADER | |
|---|---|
| fixed length control field | 00451nam a2200193Ia 4500 |
| 003 - CONTROL NUMBER IDENTIFIER | |
| control field | 0100 |
| 008 - FIXED-LENGTH DATA ELEMENTS--GENERAL INFORMATION | |
| fixed length control field | 130303s9999 xx 000 0 und d |
| 040 ## - CATALOGING SOURCE | |
| Transcribing agency | ARRUPELIB |
| 050 ## - LIBRARY OF CONGRESS CALL NUMBER | |
| Classification number | JC362.N871996 |
| 100 ## - MAIN ENTRY--PERSONAL NAME | |
| Personal name | Nussbaum, Martha C |
| 245 ## - TITLE STATEMENT | |
| Title | For Love of Country |
| 245 ## - TITLE STATEMENT | |
| Remainder of title | debating the limits of Patriotism |
| 260 ## - PUBLICATION, DISTRIBUTION, ETC. (IMPRINT) | |
| Place of publication, distribution, etc | Boston |
| 260 ## - PUBLICATION, DISTRIBUTION, ETC. (IMPRINT) | |
| Name of publisher, distributor, etc | Beacon Press |
| 260 ## - PUBLICATION, DISTRIBUTION, ETC. (IMPRINT) | |
| -- | 1996 |
| 300 ## - PHYSICAL DESCRIPTION | |
| Extent | 155p |
| 700 ## - ADDED ENTRY--PERSONAL NAME | |
| Personal name | Cohen, Joshua, 1951- |
| 942 00 - ADDED ENTRY ELEMENTS (KOHA) | |
| Koha issues (borrowed), all copies | 1 |
| Withdrawn status | Lost status | Source of classification or shelving scheme | Damaged status | Not for loan | Collection code | Home library | Current library | Shelving location | Date acquired | Total Checkouts | Full call number | Barcode | Date last seen | Date checked out | Copy number | Price effective from | Koha item type |
|---|---|---|---|---|---|---|---|---|---|---|---|---|---|---|---|---|---|
| Library of Congress Classification | Main Collection | ARRUPE LIBRARY | ARRUPE LIBRARY | 04/03/2013 | 2 | JC362.N871996 | 46003050595 | 10/01/2020 | 17/09/2019 | 1 | 04/03/2013 | Monograph ( Printed materials) | |||||
| Library of Congress Classification | Main Collection | ARRUPE LIBRARY | ARRUPE LIBRARY | 04/03/2013 | 5 | JC362.N871996 | 46003096725 | 24/04/2019 | 23/03/2019 | 2 | 04/03/2013 | Monograph ( Printed materials) |